| 000 | 01136nam a22002897a 4500 | ||
|---|---|---|---|
| 001 | 3788 | ||
| 003 | FISKH | ||
| 005 | 20260204105017.0 | ||
| 008 | 240507b cb ||||| |||| 00| 0 eng d | ||
| 020 | _a9780545208789 | ||
| 040 |
_aFISK _beng _cFISK _dFISK |
||
| 050 | _aPZ7.A5152 | ||
| 082 | _a813.6 | ||
| 100 |
_aAmes Ruth _d1924-2022 |
||
| 245 |
_aThis totally bites! / _cby Ruth Ames |
||
| 250 | _aFirst printing in 2010 | ||
| 260 |
_aNew York : _bScholastic, _c2010 |
||
| 300 |
_a184 pages : _c20 cm |
||
| 505 | _aM | ||
| 520 | _a"Twelve-year-old Emma-Rose Paley has always felt very different from her bubbly, outgoing parents. Unlike them, Emma-Rose has pale skin and jet-black hair, she prefers gray weather to sunshine, and she hates the taste of garlic. When Emma-Rose's great-aunt Margo comes to visit from Romania, Emma-rose uncovers a dark family secret and has a sudden revelation. Could Emma-Rose be a real, live vampire?" (publisher). | ||
| 521 | 8 |
_a740 _bLexiles |
|
| 650 |
_2Series _aFiction |
||
| 650 |
_2Poison Apple _aVampires |
||
| 700 | _aRuth Ames | ||
| 942 |
_2ddc _cBK _n0 |
||
| 999 |
_c3788 _d3788 |
||